Loading...
| Science - Biology | 0 | 4 | 0 | 2 | 40 | 70 | 96.00 | 1 | 4 |
| Fine Arts - Other Fine Arts | 0 | 3 | 0 | 1 | 30 | 73 | 112.33 | 1 | 3 |
| Religion | 0 | 2 | 0 | 0 | 20 | 41 | 83.00 | 1 | 2 |
| Social Science | 0 | 2 | 0 | 0 | 20 | 25 | 26.00 | 2 | 2 |
| Science - Other Science | 0 | 2 | 0 | 1 | 20 | 50 | 80.50 | 1 | 2 |
| Science - Chemistry | 0 | 2 | 0 | 1 | 20 | 52 | 86.00 | 1 | 2 |
| Fine Arts - Classical Music | 0 | 2 | 1 | 0 | 15 | 12 | 27.50 | 2 | 2 |
| Geography/Current Events | 0 | 2 | 1 | 0 | 15 | 64 | 77.50 | 2 | 2 |
| Pop Culture | 0 | 1 | 0 | 0 | 10 | 86 | 86.00 | 1 | 1 |
| History - European History | 0 | 1 | 0 | 1 | 10 | 109 | 109.00 | 0 | 1 |
| History - American History | 0 | 1 | 1 | 0 | 5 | 40 | 40.00 | 0 | 1 |
| Other Academic | 0 | 0 | 1 | 0 | -5 | 0.00 | 0 | 0 | |
| Science - Physics | 0 | 0 | 1 | 0 | -5 | 0.00 | 0 | 0 | |
| Mythology | 0 | 0 | 3 | 0 | -15 | 0.00 | 0 | 0 |